Пожарная безопасность в ТЦ «Сан Сити» (г. Новосибирск); Прогрессивные технологии и экономика в машиностроении

Бібліографічні деталі
Parent link:Прогрессивные технологии и экономика в машиностроении.— 2022.— [С. 81-82]
Автор: Жигальцова А. В.
Співавтор: Томский политехнический университет Юргинский технологический институт
Інші автори: Деменкова Л. Г. Лариса Геннадьевна (научный руководитель)
Резюме:Заглавие с экрана
На основе проведённого анализа описана система организации мероприятий противопожарной защиты в ТЦ «Сан Сити» (г. Новосибирск) на примере магазина одежды «Zolla». Приведен алгоритм действий работников при пожаре.
Based on the analysis, the system of organization of fire protection measures in the shopping center «Sun City» (Novosibirsk) is described on the example of the clothing store «Zolla». The algorithm of actions of workers in case of fire is given.
Мова:Російська
Опубліковано: 2022
Серія:Экология, безопасность и охрана труда на предприятии классификация лесных пожаров
Предмети:
Онлайн доступ:http://earchive.tpu.ru/handle/11683/70671
Формат: Електронний ресурс Частина з книги
KOHA link:https://koha.lib.tpu.ru/cgi-bin/koha/opac-detail.pl?biblionumber=634236

MARC

LEADER 00000naa2a2200000 4500
001 634236
005 20231220113743.0
035 |a (RuTPU)RU\TPU\conf\36021 
035 |a RU\TPU\conf\36017 
090 |a 634236 
100 |a 20220415d2022 k y0rusy50 ca 
101 0 |a rus 
102 |a RU 
105 |a y z 101zy 
135 |a drgn ---uucaa 
181 0 |a i  
182 0 |a b 
200 1 |a Пожарная безопасность в ТЦ «Сан Сити» (г. Новосибирск)  |f А. В. Жигальцова  |g науч. рук. Л. Г. Деменкова 
203 |a Текст  |c электронный 
225 1 |a Экология, безопасность и охрана труда на предприятии классификация лесных пожаров 
300 |a Заглавие с экрана 
320 |a [Библиогр.: с. 82 (2 назв.)] 
330 |a На основе проведённого анализа описана система организации мероприятий противопожарной защиты в ТЦ «Сан Сити» (г. Новосибирск) на примере магазина одежды «Zolla». Приведен алгоритм действий работников при пожаре. 
330 |a Based on the analysis, the system of organization of fire protection measures in the shopping center «Sun City» (Novosibirsk) is described on the example of the clothing store «Zolla». The algorithm of actions of workers in case of fire is given. 
463 0 |0 (RuTPU)RU\TPU\conf\35989  |t Прогрессивные технологии и экономика в машиностроении  |o сборник трудов XIII Всероссийской научно-практической конференции для студентов и учащейся молодежи, 7-9 апреля 2022 г., Юрга  |f Национальный исследовательский Томский политехнический университет (ТПУ), Юргинский технологический институт (ЮТИ) ; под ред. А. А. Сапрыкина  |v [С. 81-82]  |d 2022 
610 1 |a электронный ресурс 
610 1 |a труды учёных ТПУ 
610 1 |a пожарная безопасность 
610 1 |a торговые центры 
610 1 |a противопожарная безопасность 
610 1 |a эвакуация 
610 1 |a мероприятия 
610 1 |a fire 
610 1 |a shopping center 
610 1 |a fire safety 
610 1 |a evacuation 
610 1 |a actions in case of fire 
700 1 |a Жигальцова  |b А. В. 
702 1 |a Деменкова  |b Л. Г.  |c специалист в области естествознания  |c старший преподаватель Юргинского технологического института (филиала) Томского политехнического университета  |f 1964-  |g Лариса Геннадьевна  |4 727 
712 0 2 |a Томский политехнический университет  |b Юргинский технологический институт  |c (2003-2009)  |3 (RuTPU)RU\TPU\col\12451  |9 25408 
801 2 |a RU  |b 63413507  |c 20220419  |g RCR 
856 4 |u http://earchive.tpu.ru/handle/11683/70671 
942 |c BK